00266nam a22001097a 4500003000400000020001800004082001600022100001600038245002900054260006500083300000800148SGT a9780893891176 a291.4bT89R aRAMA, SWAMI aTHE ART OF JOYFUL LIVING bTHE HIMALAYAN INTERNATIONAL INSTITUTE OF YOGA SCIENCESc1989 a239